Multitasking v práci manažéra diplomová práca

Salvato in:
Dettagli Bibliografici
Autore principale: Dědečková, Nina, 1994-
Ente Autore: Fakulta podnikového manažmentu EU. Katedra manažmentu
Altri autori: Gažová Adamková, Hana, 1969-
Natura: Libro
Lingua:slovacco
Pubblicazione: Bratislava 2019
Tags: Aggiungi Tag
Nessun Tag, puoi essere il primo ad aggiungerne!!

MARC

LEADER 00000nbm a2200000 4500
001 0255454
005 20191119130857.4
041 0 |a slo 
044 |a SK 
245 1 0 |a Multitasking v práci manažéra  |b diplomová práca  |c Nina Dědečková ; školiteľ: Hana Gažová-Adamková 
264 1 |a Bratislava  |c 2019 
300 |a 70 s. 
100 1 |a Dědečková, Nina, 1994- 
700 1 |a Gažová Adamková, Hana, 1969- 
710 2 |a Fakulta podnikového manažmentu EU. Katedra manažmentu